| Tag |
First Indicator |
Second Indicator |
Subfields |
| LEADER |
00000cam a2200000 a 4500 |
| 001 |
in00000018576 |
| 005 |
20151007053301.0 |
| 008 |
840426s1984 nyua j 00011 eng |
| 010 |
|
|
|a 84040256
|
| 020 |
|
|
|a 067025195X
|
| 035 |
|
|
|a (OCoLC)10753580
|
| 035 |
|
|
|9 AAB1076AM
|
| 040 |
|
|
|a DLC
|c DLC
|d m/c
|d TXA
|d UtOrBLW
|
| 049 |
|
|
|a [Curr Col] TXAM
|c [A11058835]
|
| 050 |
0 |
0 |
|a PZ7.M35672
|b Cu 1984
|
| 082 |
0 |
|
|a [E]
|2 19
|
| 100 |
1 |
|
|a Marshall, James,
|d 1942-1992.
|
| 245 |
1 |
4 |
|a The cut-ups /
|c by James Marshall.
|
| 264 |
|
1 |
|a New York, N.Y. :
|b Viking Kestrel,
|c 1984.
|
| 300 |
|
|
|a 15 unnumbered pages :
|b chiefly color illustrations ;
|c 27 cm.
|
| 336 |
|
|
|a text
|b txt
|2 rdacontent
|
| 337 |
|
|
|a unmediated
|b n
|2 rdamedia
|
| 338 |
|
|
|a volume
|b nc
|2 rdacarrier
|
| 520 |
|
|
|a Practical jokers Spud and Joe get away with every trick in the book until the day they meet a little girl named Mary Frances Hooley.
|
| 650 |
|
0 |
|a Children's stories, American.
|
| 650 |
|
1 |
|a Humorous stories.
|
| 650 |
|
1 |
|a Behavior
|x Fiction.
|
| 999 |
|
|
|a MARS
|
| 999 |
f |
f |
|s d23cd3fc-0756-30ca-b00c-826e534a930a
|i c30902b6-cf60-3f6c-853d-6eccfaf18dc0
|t 0
|
| 952 |
f |
f |
|p normal
|a Texas A&M University
|b College Station
|c Sterling C. Evans Library
|d Evans: Curriculum Collection (4th floor)
|t 0
|e PZ7.M35672 Cu 1984
|h Library of Congress classification
|i unmediated -- volume
|m A14811058835
|
| 998 |
f |
f |
|a PZ7.M35672 Cu 1984
|t 0
|l Evans: Curriculum Collection (4th floor)
|